000 01175nam a2200325 a 4500
001 000109588
003 CHAP
005 20220329144056.0
008 140513s2014 mx a sm |||||||spa d
010 _a106050
011 _a107022
040 _cCHAP
090 _aTesis
100 1 _aLópez López, Gamaliel
_9126835
245 1 0 _aEfecto de podas sobre frutos en pimiento morrón (Capsicum annum L.) bajo invernadero
_h[En línea]
_cpor Gamaliel López López.
260 _aChapingo, Méx. :
_bEl autor,
_c2014.
500 _aPara ver el contenido del material haga clic en la liga
502 _aTesis (Ing. Agr. Esp. en Horticultura Protegida) -- UACH. Departamento de Fitotecnia
590 _aBATCH-UPD
_b05
_c20141002
_lUCH01
_h0903
590 _aE5652GLJ
_b05
_c20140513
_lUCH01
_h0908
590 _aE5652GLJ
_b05
_c20140513
_lUCH01
_h0908
650 1 4 _aCapsicum annum
_xRendimiento.
_918735
650 1 4 _aChile pimiento
_xMercadeo.
_922483
650 1 4 _aChile pimiento
_xPoda.
_922485
650 1 4 _aCultivos en invernadero.
_930376
856 _aFinding aid
_uhttp://10.13.5.2/tesis/sist109588.pdf
_zTeclea aquí
901 _aBK
942 _cTESIS
942 _n0
999 _c106050
_d106050